Ley Federal del Trabajo 1994 /

Сохранить в:
Библиографические подробности
Соавтор: México
Формат:
Язык:испанский
Опубликовано: México : Delma, 1994, c1994
Редактирование:15a edición
Предметы:
Метки: Добавить метку
Нет меток, Требуется 1-ая метка записи!

MARC

LEADER 00000nam^a2200000^a^4500
001 000261263
005 20250521000000.0
009 20260310110505.686
037 |a Acervo Xavier Clavigero 
041 |a ESP 
082 |a 344. 7201  |b MEX 1994 
110 |a México 
240 1 1 |a [Ley Federal del Trabajo] 
245 1 0 |a Ley Federal del Trabajo 1994 / 
250 |a 15a edición 
264 4 |a México :  |b Delma,  |c 1994, c1994 
300 |a 580 p. 
336 |a texto  |b txt  |2 rdacontenido 
337 |a sin mediación  |b n  |2 rdamedio 
338 |a volumen  |b nc  |2 rdasoporte 
649 |a XX 
650 |a Derecho Laboral -  |z México -  |x Leyes y Reglamentos -  |x Tema Principal 
650 |a Derecho Procesal Laboral -  |z México -  |x Leyes y Reglamentos 
650 |a Derecho Social -  |z México -  |x Leyes y Reglamentos 
650 |a Derecho Público -  |z México -  |x Leyes y Reglamentos 
910 |a Fondo General 
920 |a Impresos - Libros 
930 |a Colección General 
905 |a 101 
901 |a 040225  |b IT1  |c ACC  |u 20250521 
902 |a https://opac.biblio.iteso.mx/vufind/Record/000261263